Statistics for Isolated Capitals Looking Northeastwards

Click here to take the quiz!

General Stats

  • This quiz has been taken 18 times
  • The average score is 15 of 20

Answer Stats

D (km) CAPITAL CITYCLOSEST CAPITAL% Correct
2,279 MoscowMale
100%
3,873 OttawaWashington
100%
2,425 WellingtonTaipei
100%
1,810 UlaanbaatarOslo
93%
4,523 TokyoReykjavik
93%
1,750 ReykjavikVictoria
87%
2,231 VictoriaDhaka
87%
2,172 ColomboKhartoum
87%
2,375 ApiaWellington
80%
2,330 CanberraAstana
80%
1,927 N'DjamenaBandar Seri Begawan
73%
1,734 Port LouisVientiane
73%
2,523 BrasiliaNuku'alofa
73%
1,667 HanoiMexico City
67%
1,902 DiliPyongyang
67%
2,564 AstanaParamaribo
67%
9,704 MajuroMajuro
60%
2,389 MelekeokTarawa
47%
2,829 Saint John'sUlaanbaatar
47%
1,694 ThimphuTaipei
33%

Score Distribution

Percentile by Number Answered

Percent of People with Each Score

Your Score History

You have not taken this quiz